Tư vấn chẩn đoán và xử trí nhanh ngộ độc cấp Tập 2

Trình bày một số kiến thức đại cương, chẩn đoán, phương pháp điều trị và chăm sóc, theo dõi bệnh nhân ngộ độc do hoá chất, lạm dụng thuốc và dùng thuốc qua liều như: Disulfiram, Edrophonium, Ephedrine......

詳細記述

保存先:
書誌詳細
第一著者: Nguyễn Thị Dụ
その他の著者: Bế Hồng Thu, Nguyễn Kim Sơn, Phạm Duệ
フォーマット: 図書
言語:Vietnamese
出版事項: H. Y học 2004
タグ: タグ追加
タグなし, このレコードへの初めてのタグを付けませんか!
Thư viện lưu trữ: Thư viện Trường Đại học Nam Cần Thơ
LEADER 01785aam a22002658a 4500
001 NCT_10833
008 050118s2005 ||||||viesd
999 |c 521  |d 521 
020 |c 73000 
082 0 4 |2 23rd ed.  |a 615.7  |b D550/T.2 
100 1 |a Nguyễn Thị Dụ 
245 1 0 |a Tư vấn chẩn đoán và xử trí nhanh ngộ độc cấp  |n Tập 2  |c Nguyễn Thị Dụ (chủ biên) 
260 |a H.  |b Y học  |c 2004 
300 |a 695tr.  |b hình vẽ  |c 21cm 
520 3 |a Trình bày một số kiến thức đại cương, chẩn đoán, phương pháp điều trị và chăm sóc, theo dõi bệnh nhân ngộ độc do hoá chất, lạm dụng thuốc và dùng thuốc qua liều như: Disulfiram, Edrophonium, Ephedrine... 
700 1 |a Bế Hồng Thu 
700 1 |a Nguyễn Kim Sơn 
700 1 |a Phạm Duệ 
942 |2 ddc  |c BK 
952 |0 0  |1 0  |2 ddc  |4 0  |6 615_700000000000000_D550_T_2  |7 0  |9 3358  |a 000001  |b 000001  |d 2017-11-11  |o 615.7 D550/T.2  |p MD.05877  |r 2017-11-11  |v 73000.00  |w 2017-11-11  |y BK 
952 |0 0  |1 0  |2 ddc  |4 0  |6 615_700000000000000_D550_T_2  |7 0  |9 3359  |a 000001  |b 000001  |d 2017-11-11  |o 615.7 D550/T.2  |p MD.05878  |r 2017-11-11  |v 73000.00  |w 2017-11-11  |y BK 
952 |0 0  |1 0  |2 ddc  |4 0  |6 615_700000000000000_D550_T_2  |7 0  |9 3360  |a 000001  |b 000001  |d 2017-11-11  |o 615.7 D550/T.2  |p MD.05879  |r 2017-11-11  |v 73000.00  |w 2017-11-11  |y BK 
952 |0 0  |1 0  |2 ddc  |4 0  |6 615_700000000000000_D550_T_2  |7 0  |9 3361  |a 000001  |b 000001  |d 2017-11-11  |l 1  |o 615.7 D550/T.2  |p MD.05880  |r 2021-01-26  |s 2021-01-19  |v 73000.00  |w 2017-11-11  |y BK 
952 |0 0  |1 0  |2 ddc  |4 0  |6 615_700000000000000_D550_T_2  |7 0  |9 14955  |a 000001  |b 000001  |d 2019-01-04  |o 615.7 D550/T.2  |p MD.14110  |r 2019-01-04  |v 73000.00  |w 2019-01-04  |y BK 
980 |a Thư viện Trường Đại học Nam Cần Thơ